000 00896nas a2200289 4500
001 BR9900439
003 BR-BrBNA
005 20231205101212.0
007 ta
008 230509b bl.|||p| |||| 00| 00por d
040 _aBR-BrBNA
_bpor
_cBiblioteca Nacional de Agricultura
041 _a(Pt)
072 _aL73
100 1 _aAlves, G.E.S.
100 1 _aMarques Junior, A. de P.
100 1 _aFaria, E.P.
100 1 _aFaleiros, R.R.
245 1 _aHemograma, proteina total e fibrinogenio de equinos portadores de peritonite experimental tratados com dimetilsulfoxido, enrofloxacina e heparina
650 _aCavalo
650 _aHemograma
650 _aProteina
650 _aPeritonite
650 _aMedicamento
773 0 _tVeterinaria Noticias (Brazil)
_xISSN 0104-3463
_g(1998), v.4(1) p. 63-76
_wBR9900439
909 _a202311
_bLúcia
_c55
_dLúcia Elande
942 _2AGRIS
_n0
_cANA
999 _c160388
_d160388